日本の鉄道/軌道事業者 - Statistics

General Stats
  • This quiz has been taken 219 times
    157 since last reset
  • The average score is 96 of 203
Answer Stats
Hint Answer % Correct
JR東日本
99%
JR東海
99%
JR西日本
99%
JR四国
99%
JR九州
98%
JR JR北海道
97%
JR貨物
96%
小田急電鉄
93%
西武鉄道
93%
東京地下鉄
93%
近畿日本鉄道
93%
東武鉄道
92%
名古屋鉄道
92%
京浜急行電鉄
91%
阪神電気鉄道
91%
東急電鉄
90%
京阪電気鉄道
90%
南海電気鉄道
90%
阪急電鉄
90%
西日本鉄道
89%
京王電鉄
87%
京成電鉄
86%
大手私鉄 相模鉄道
80%
準大手私鉄 新京成電鉄
76%
大阪市高速電気軌道
76%
鹿島臨海鉄道
74%
山陽電気鉄道
73%
青い森鉄道
71%
東京都交通局
71%
名古屋市交通局
70%
公営鉄道 札幌市交通局
68%
いすみ鉄道
67%
仙台市交通局
67%
関東地方の私鉄 関東鉄道
66%
富山地方鉄道
66%
伊豆急行
65%
第三セクター 道南いさりび鉄道
65%
IGRいわて銀河鉄道
65%
水島臨海鉄道
64%
広島電鉄
64%
福岡市交通局
64%
小湊鉄道
63%
阿武隈急行
62%
ハピラインふくい
62%
京都市交通局
62%
IRいしかわ鉄道
62%
北大阪急行電鉄
61%
東京臨海高速鉄道
61%
秩父鉄道
60%
長野電鉄
60%
伊豆箱根鉄道
60%
えちごトキめき鉄道
60%
銚子電気鉄道
59%
静岡鉄道
59%
北総鉄道
59%
しなの鉄道
59%
神戸市交通局
59%
上信電鉄
58%
神戸電鉄
58%
三陸鉄道
58%
会津鉄道
58%
千葉都市モノレール
58%
横浜市交通局
58%
泉北高速鉄道
57%
中国地方の私鉄 一畑電車
57%
秋田内陸縦貫鉄道
57%
あいの風とやま鉄道
57%
アルピコ交通
56%
遠州鉄道
56%
伊予鉄道
56%
江ノ島電鉄
55%
埼玉高速鉄道
55%
多摩都市モノレール
55%
東京モノレール
54%
豊橋鉄道
54%
福島交通
53%
湘南モノレール
53%
第三セクター 山形鉄道
53%
東北地方の私鉄 弘南鉄道
52%
わたらせ渓谷鉄道
52%
智頭急行
52%
神戸高速鉄道
51%
のと鉄道
51%
伊勢鉄道
51%
大阪モノレール
51%
鹿児島市交通局
51%
上毛電気鉄道
50%
養老鉄道
50%
大井川鐵道
50%
近畿地方の私鉄 近江鉄道
50%
野岩鉄道
50%
芝山鉄道
50%
ゆりかもめ
50%
北越急行
50%
えちぜん鉄道
50%
福井鉄道
50%
平成筑豊鉄道
50%
松浦鉄道
50%
津軽鉄道
49%
ひたちなか海浜鉄道
48%
愛知環状鉄道
48%
伊賀鉄道
48%
北陸鉄道
47%
真岡鐵道
47%
長良川鉄道
47%
肥薩おれんじ鉄道
47%
仙台空港鉄道
46%
宇都宮ライトレール
46%
土佐くろしお鉄道
46%
熊本市交通局
46%
名古屋臨海鉄道
45%
叡山電鉄
45%
紀州鉄道
45%
岡山電気軌道
45%
四国地方の私鉄 高松琴平電気鉄道
45%
東葉高速鉄道
45%
天竜浜名湖鉄道
45%
四日市あすなろう鉄道
45%
WILLER TRAINS
45%
首都圏新都市鉄道
44%
流鉄
43%
由利高原鉄道
43%
明知鉄道
43%
岳南電車
42%
三岐鉄道
42%
京福電気鉄道
42%
島原鉄道
42%
樽見鉄道
42%
甘木鉄道
42%
山万
41%
能勢電鉄
41%
長崎電気軌道
41%
横浜高速鉄道
41%
南阿蘇鉄道
41%
若桜鉄道
39%
富士山麓電気鉄道
38%
水間鉄道
38%
万葉線
38%
阿佐海岸鉄道
38%
小田急箱根
37%
とさでん交通
37%
仙台臨海鉄道
36%
九州地方の私鉄 筑豊電気鉄道
36%
錦川鉄道
36%
くま川鉄道
36%
和歌山電鐵
35%
阪堺電気軌道
34%
沖縄都市モノレール
34%
京葉臨海鉄道
33%
埼玉新都市交通
33%
井原鉄道
33%
臨海鉄道 八戸臨海鉄道
32%
名古屋臨海高速鉄道
32%
信楽高原鐵道
32%
中部地方の私鉄 黒部峡谷鉄道
31%
熊本電気鉄道
31%
福島臨海鉄道
30%
神奈川臨海鉄道
30%
衣浦臨海鉄道
30%
函館市企業局交通部
29%
横浜シーサイドライン
27%
千葉ニュータウン鉄道
26%
舞浜リゾートライン
25%
北九州市
23%
嵯峨野観光鉄道
22%
神戸新交通
22%
愛知高速交通
21%
上田交通
20%
成田空港高速鉄道
20%
広島高速交通
20%
JR東海交通事業
19%
名古屋ガイドウェイバス
18%
北九州高速鉄道
18%
自治体 青森県
18%
岩手開発鉄道
16%
北近畿タンゴ鉄道
16%
福島県
16%
立山黒部貫光
15%
宇都宮市
14%
和歌山県
14%
成田高速鉄道アクセス
13%
富山市
11%
西濃鉄道
10%
上飯田連絡線
10%
中部国際空港連絡鉄道
10%
財団法人・社団法人 札幌市交通事業振興公社
10%
芳賀町
10%
関西高速鉄道
9%
西大阪高速鉄道
9%
養老線管理機構
9%
四日市市
9%
大阪港トランスポートシステム
8%
伊賀市
8%
大阪外環状鉄道
7%
新関西国際空港
7%
中之島高速鉄道
7%
甲賀市
6%
奈良生駒高速鉄道
5%
八頭町
5%
佐賀・長崎鉄道管理センター
4%
若狭町
4%
南阿蘇鉄道管理機構
3%
近江鉄道線管理機構
2%
No matching quizzes found
Score Distribution
Percent of People with Each Score
Percentile by Number Answered
Your Score History
You have not taken this quiz since the last reset